000 00705nam a22002057a 4500
003 OSt
005 20250704080756.0
008 250704b |||||||| |||| 00| 0 eng d
040 _aDWCL - Main lib
_cOC
082 _aFil. 305.42 W872 1985
100 _aQuisumbing, Lourdes R.
245 _aWomen and work in Asia :
_b a call for action/
_cLourdes R. Quisumbing
260 _aManila :
_bCommission on Women and Work Asian Women's Institute,
_c c1985.
300 _a xii, 102 pages :
_b illustrations ;
_c22 cm.
504 _aIncludes bibliographical references.
650 _a1. Women's movement.
650 _a2. Women's rights.
700 _aBarbara B. Lazarus
942 _2ddc
_cBK - FIL
_kFil.
_n0
999 _c3401
_d3401